El Cartoral de Santa Maria de Roca Rossa / a cura de Josep Maria Pons Guri
Descripción Física:
413 p., 1f. de làm. ; 24 cm
Colección:
Textos i documents ; 7
MARC
| LEADER | 00000nam a2200000Ia 4500 | ||
|---|---|---|---|
| 001 | 1512 | ||
| 008 | 160829s1984 xx 000 0 cat d | ||
| 080 | |a H-2-24 | ||
| 245 | |a El Cartoral de Santa Maria de Roca Rossa / a cura de Josep Maria Pons Guri | ||
| 260 | |a Barcelona : |b Fundació Noguera, |c 1984 | ||
| 300 | |a 413 p., 1f. de làm. ; |c 24 cm | ||
| 490 | |a Textos i documents ; 7 | ||
| 650 | |a Santa Maria de Roca Rossa (Monestir) |x Història |x Fonts |9 36852 | ||
| 650 | |a Cartularis |9 37706 | ||
| 700 | 1 | |a Pons i Guri, Josep M. |q (Josep Maria), |d 1909-2005 |9 26875 | |
| 700 | |a Fundació Noguera |9 70407 | ||
| 901 | |a Arxiu | ||
| 942 | |n 1 | ||
| 952 | |0 0 |1 0 |4 0 |6 H224 |7 1 |9 47542 |a Arxiu |b Arxiu |d 2016-12-01 |l 0 |o H-2-24 |p 1512 |r 2016-12-01 00:00:00 |w 2016-12-01 |y ARXIU | ||
| 999 | |c 51341 |d 51341 | ||